| 000 -LEADER |
| fixed length control field |
00801nam a22002537a 4500 |
| 001 - CONTROL NUMBER |
| control field |
3232 |
| 003 - CONTROL NUMBER IDENTIFIER |
| control field |
BD-DhUAP |
| 005 - DATE AND TIME OF LATEST TRANSACTION |
| control field |
20201108121936.0 |
| 008 - FIXED-LENGTH DATA ELEMENTS--GENERAL INFORMATION |
| fixed length control field |
201108r19961988ii a b 001 0 eng d |
| 040 ## - CATALOGING SOURCE |
| Original cataloging agency |
DLC |
| Transcribing agency |
DLC |
| Modifying agency |
BD-DhUAP |
| Language of cataloging |
Eng |
| 082 00 - DEWEY DECIMAL CLASSIFICATION NUMBER |
| Edition number |
23 |
| Classification number |
523.1 HAW |
| 100 ## - MAIN ENTRY--PERSONAL NAME |
| Personal name |
Hawking, Stephen. |
| 245 ## - TITLE STATEMENT |
| Title |
A brief history of time : |
| Remainder of title |
from the big bang to black holes / |
| Statement of responsibility, etc. |
Stephen Hawking. |
| 250 ## - EDITION STATEMENT |
| Edition statement |
Bantam edition. |
| 260 ## - PUBLICATION, DISTRIBUTION, ETC. |
| Place of publication, distribution, etc. |
New York : |
| Name of publisher, distributor, etc. |
Bantam books, |
| Date of publication, distribution, etc. |
©1988 [Reprinted 1996]. |
| 300 ## - PHYSICAL DESCRIPTION |
| Extent |
xi, 211 pages : |
| Other physical details |
illustrations ; |
| Dimensions |
18 cm. |
| 504 ## - BIBLIOGRAPHY, ETC. NOTE |
| Bibliography, etc. note |
Includes bibliographical references and index. |
| 650 ## - SUBJECT ADDED ENTRY--TOPICAL TERM |
| Topical term or geographic name entry element |
Cosmology |
| Form subdivision |
Space and time |
| 650 ## - SUBJECT ADDED ENTRY--TOPICAL TERM |
| Topical term or geographic name entry element |
Physics |
| 650 ## - SUBJECT ADDED ENTRY--TOPICAL TERM |
| Topical term or geographic name entry element |
Big bang theory. |
| 942 00 - ADDED ENTRY ELEMENTS (KOHA) |
| Koha issues (borrowed), all copies |
1 |
| Source of classification or shelving scheme |
|
| Koha item type |
Book |